Political pragmatism and constitutional principle: the European Union (Withdrawn) At 2018 (Record no. 509814)

000 -LEADER
fixed length control field 00539nam a22001817a 4500
008 - FIXED-LENGTH DATA ELEMENTS--GENERAL INFORMATION
fixed length control field 190616b ||||| |||| 00| 0 eng d
100 ## - MAIN ENTRY--PERSONAL NAME
Personal name Elliott, Mark
245 ## - TITLE STATEMENT
Title Political pragmatism and constitutional principle: the European Union (Withdrawn) At 2018
260 ## - PUBLICATION, DISTRIBUTION, ETC. (IMPRINT)
Date of publication, distribution, etc 2019
300 ## - PHYSICAL DESCRIPTION
Extent p.37-60.
650 ## - SUBJECT ADDED ENTRY--TOPICAL TERM
Topical term or geographic name as entry element European Union (Withdrawn) Act 2018
9 (RLIN) 6259
650 ## - SUBJECT ADDED ENTRY--TOPICAL TERM
Topical term or geographic name as entry element Rule of Law
9 (RLIN) 6487
650 ## - SUBJECT ADDED ENTRY--TOPICAL TERM
Topical term or geographic name as entry element Constitutional law
9 (RLIN) 6488
700 ## - ADDED ENTRY--PERSONAL NAME
Personal name Tierney, Stephen
9 (RLIN) 6260
773 ## - HOST ITEM ENTRY
Main entry heading Public Law
906 ## - LOCAL DATA ELEMENT F, LDF (RLIN)
Subject DIP Brexit
942 ## - ADDED ENTRY ELEMENTS (KOHA)
Item type Articles
Holdings
Withdrawn status Lost status Source of classification or shelving scheme Damaged status Not for loan Permanent location Current location Date acquired Serial Enumeration / chronology Barcode Date last seen Koha item type
          Indian Institute of Public Administration Indian Institute of Public Administration 2019-06-16 1, Jan, 2019: p.37-60. AR119882 2019-06-16 Articles

Powered by Koha